[Event "Olympiad w"]
[Site "Bled SLO"]
[Date "2002.10.26"]
[Round "3.1"]
[White "Puuska Heini, FIN."]
[Black "Ryvova Anna, ICSC."]
[Result "1-0"]
[WhiteElo "2077"]
[BlackElo "2002"]
[PlyCount "119"]
[EventDate "2002.10.26"]

1. d4 d5 2. Bg5 Nf6 3. Bxf6 exf6 4. e3 Bd6 5. c4 c6 6. cxd5 Bb4+ 7. Nc3 Qxd5 8.
a3 Bxc3+ 9. bxc3 Qa5 10. Qd2 Bf5 11. Nf3 O-O 12. Be2 Nd7 13. O-O Nb6 14. c4
Qxd2 15. Nxd2 Rfe8 16. Bf3 Rad8 17. Rfc1 Bg6 18. a4 f5 19. a5 Nd7 20. a6 b6 21.
Bxc6 Re7 22. Bxd7 Rexd7 23. g3 Rc7 24. Nb3 f6 25. c5 bxc5 26. Nxc5 Rd6 27. Rcb1
Rdc6 28. Rb7 Bf7 29. Rab1 Bd5 30. Rxc7 Rxc7 31. Rb8+ Kf7 32. Rb7 Re7 33. Rxe7+
Kxe7 34. Kf1 Kd6 35. Ke2 Bc4+ 36. Kd2 Kc6 37. Kc3 Kb5 38. f3 Be2 39. Ne6 g6 40.
d5 Bc4 41. Kd4 Ba2 42. Nc7+ Kb6 43. Ne8 Kxa6 44. Nxf6 Kb6 45. Nxh7 Kc7 46. Nf8
Kd6 47. e4 fxe4 48. fxe4 g5 49. Nh7 g4 50. Nf6 a5 51. Nxg4 a4 52. Ne3 Bb1 53.
Nc4+ Ke7 54. e5 Bf5 55. e6 Bg4 56. Ke5 Be2 57. Na3 Bg4 58. d6+ Kd8 59. Kf6 Bh5
60. h3 1-0

[Event "Olympiad "]
[Site "Bled SLO"]
[Date "2002.11.27"]
[Round "3.2"]
[White "Oral Tomas, CZE."]
[Black "Karttunen Mika, FIN."]
[Result "1/2-1/2"]
[WhiteElo "2546"]
[BlackElo "2413"]
[PlyCount "103"]
[EventDate "2002.10.26"]

1. e4 c5 2. Nf3 e6 3. b3 b6 4. d4 cxd4 5. Nxd4 a6 6. Bb2 Bb7 7. Bd3 d6 8. O-O
Nf6 9. Qe2 g6 10. f4 Bg7 11. Nd2 O-O 12. N4f3 Nc6 13. Rad1 b5 14. Kh1 Re8 15.
c4 bxc4 16. Nxc4 d5 17. e5 dxc4 18. exf6 cxd3 19. Rxd3 Nd4 20. Rxd4 Qxf6 21.
Rd2 Qe7 22. Bxg7 Kxg7 23. Ne5 Red8 24. Rfd1 Rxd2 25. Qxd2 Bd5 26. Ng4 Rd8 27.
Qc3+ f6 28. Ne3 Bb7 29. Rxd8 Qxd8 30. Qb4 Qc7 31. Kg1 a5 32. Qd4 h5 33. h3 e5
34. fxe5 fxe5 35. Qd2 Qc5 36. Kh2 Qd4 37. Qe2 Qe4 38. Qd2 Qd4 39. Qe1 Qe4 40.
Kg1 Qd4 41. Qe2 Bc6 42. Kh2 Qe4 43. Qd2 Qd4 44. Qxa5 Qf4+ 45. Kh1 Qxe3 46. Qc7+
Kh6 47. Qxc6 e4 48. Qf6 Qe1+ 49. Kh2 h4 50. Qh8+ Kg5 51. Qe5+ Kh6 52. Qh8+
1/2-1/2

[Event "Olympiad "]
[Site "Bled SLO"]
[Date "2002.11.27"]
[Round "4.2"]
[White "Nyysti Sampsa, FIN."]
[Black "Vokac Marek, CZE."]
[Result "1/2-1/2"]
[WhiteElo "2410"]
[BlackElo "2507"]
[PlyCount "35"]
[EventDate "2002.10.26"]

1. e4 c5 2. Nf3 e6 3. d4 cxd4 4. Nxd4 Nc6 5. Nc3 Nf6 6. Ndb5 Bb4 7. a3 Bxc3+ 8.
Nxc3 d5 9. Bd3 dxe4 10. Nxe4 Nxe4 11. Bxe4 Qxd1+ 12. Kxd1 Bd7 13. Be3 O-O-O 14.
Ke2 Kc7 15. Rhd1 e5 16. Bd5 f6 17. f3 Rhe8 18. Rd2 1/2-1/2

[Event "Olympiad w"]
[Site "Bled SLO"]
[Date "2002.10.27"]
[Round "1.2"]
[White "Klinova Masha, ISR."]
[Black "Koskela Niina, FIN."]
[Result "1/2-1/2"]
[WhiteElo "2374"]
[BlackElo "2271"]
[PlyCount "39"]
[EventDate "2002.10.26"]

1. e4 e5 2. Nf3 Nc6 3. Bc4 Bc5 4. d3 Nf6 5. O-O d6 6. c3 a6 7. Bb3 Ba7 8. Nbd2
O-O 9. h3 Be6 10. Re1 h6 11. Nf1 d5 12. Qe2 Re8 13. Ng3 Qd7 14. Nh2 Rad8 15.
Qf3 dxe4 16. dxe4 Qd3 17. Bxe6 fxe6 18. Ngf1 Rd7 19. Be3 Bxe3 20. Qxe3 1/2-1/2

[Event "Olympiad w"]
[Site "Bled SLO"]
[Date "2002.10.27"]
[Round "2.2"]
[White "Rantanen Tanja, FIN."]
[Black "Borsuk Angela, ISR."]
[Result "0-1"]
[WhiteElo "2166"]
[BlackElo "2255"]
[PlyCount "94"]
[EventDate "2002.10.26"]

1. e4 d6 2. d4 Nf6 3. Bd3 e5 4. c3 c6 5. Nf3 Qc7 6. O-O Bg4 7. Nbd2 Be7 8. Nc4
Nbd7 9. Ne3 Bxf3 10. Qxf3 g6 11. a4 a5 12. Bc4 O-O 13. Ba2 Nb6 14. Ng4 Nxg4 15.
Qxg4 Bf6 16. dxe5 dxe5 17. f4 exf4 18. Bxf4 Qe7 19. Rae1 Be5 20. Bh6 Bg7 21.
Bg5 Qe5 22. Rf3 Nxa4 23. Ref1 Nxb2 24. Rxf7 Rxf7 25. Rxf7 Kh8 26. Rf3 Nd1 27.
h4 Nxc3 28. Bf7 Nxe4 29. Bf4 Qe7 30. Ba2 Nc3 31. Re3 Qc5 32. Bf7 Nd5 33. Bxd5
Qxd5 34. Kh2 Qf5 35. Qg3 a4 36. Rf3 Qh5 37. Bg5 h6 38. Bf6 Rg8 39. Bxg7+ Rxg7
40. Rf8+ Kh7 41. Qb8 Qxh4+ 42. Kg1 Qe1+ 43. Kh2 Qh4+ 44. Kg1 Qd4+ 45. Kh2 Re7
46. Qf4 Qxf4+ 47. Rxf4 b5 0-1

[Event "Olympiad w"]
[Site "Bled SLO"]
[Date "2002.11.28"]
[Round "1.3"]
[White "Koskela Niina, FIN."]
[Black "Pokorna Regina, SVK."]
[Result "0-1"]
[WhiteElo "2271"]
[BlackElo "2362"]
[PlyCount "98"]
[EventDate "2002.10.26"]

1. e4 e5 2. Bc4 Nc6 3. Nf3 Nf6 4. d3 Be7 5. O-O O-O 6. Re1 d6 7. a4 h6 8. c3
Re8 9. Qb3 Rf8 10. a5 a6 11. h3 b5 12. axb6 cxb6 13. Qd1 Bb7 14. Nbd2 Qc7 15.
Nf1 Rfe8 16. Ne3 Bf8 17. Nh4 b5 18. Bd5 Ne7 19. c4 bxc4 20. Bxb7 Qxb7 21. Nxc4
Qc7 22. Qf3 d5 23. Ne3 Qc6 24. Ng4 Nxg4 25. hxg4 d4 26. Qg3 Ng6 27. Nf5 f6 28.
Qh3 Reb8 29. Kh1 Rb3 30. f4 Qc2 31. Qh5 Qf2 32. Be3 dxe3 33. Qxg6 Qxf4 34. Rxe3
Qg5 35. Qxg5 hxg5 36. Ra2 Bc5 37. Re1 Kf7 38. g3 Rxd3 39. b4 Bxb4 40. Rc1 Ra7
41. Rc4 Bf8 42. Re2 a5 43. Kg2 a4 44. Rcc2 a3 45. Kf2 Ra5 46. Rc7+ Kg8 47. Ra2
Rb3 48. Ne7+ Bxe7 49. Rxe7 Rab5 0-1

[Event "Olympiad w"]
[Site "Bled SLO"]
[Date "2002.11.28"]
[Round "2.3"]
[White "Hagarova Zuzana, SVK."]
[Black "Rantanen Tanja, FIN."]
[Result "1-0"]
[WhiteElo "2333"]
[BlackElo "2166"]
[PlyCount "69"]
[EventDate "2002.10.26"]

1. e4 e5 2. Nf3 Nf6 3. Nxe5 d6 4. Nf3 Nxe4 5. d4 d5 6. Bd3 Be7 7. O-O Nc6 8.
Nbd2 Nxd2 9. Bxd2 Bg4 10. c3 O-O 11. Bf4 Bd6 12. Bxd6 cxd6 13. Bc2 Na5 14. Qd3
g6 15. h3 Be6 16. Qd2 Kg7 17. Qf4 Rc8 18. Rfe1 Qf6 19. Qxd6 Nc4 20. Qg3 Nxb2
21. Rab1 Nc4 22. Rxb7 Na3 23. Ng5 Rc6 24. Ba4 Ra6 25. Bb3 h6 26. Nxe6+ Rxe6 27.
Rxe6 Qxe6 28. Qe5+ Qxe5 29. dxe5 Nc4 30. e6 Nd6 31. Rd7 Ne4 32. Rxa7 Nxc3 33.
Rc7 d4 34. Rd7 Kf6 35. exf7 1-0

[Event "Olympiad w"]
[Site "Bled SLO"]
[Date "2002.11.28"]
[Round "3.3"]
[White "Puuska Heini, FIN."]
[Black "Mrvova Alena, SVK."]
[Result "0-1"]
[WhiteElo "2077"]
[BlackElo "2236"]
[PlyCount "62"]
[EventDate "2002.10.26"]

1. d4 d5 2. Bg5 h6 3. Bh4 c6 4. Nf3 Qb6 5. Qc1 Bf5 6. e3 e6 7. Nbd2 Nd7 8. c4
dxc4 9. Bxc4 Be7 10. Bxe7 Nxe7 11. O-O O-O 12. e4 Bh7 13. b4 Qc7 14. Re1 Rad8
15. Qb2 Nb6 16. Bb3 Ng6 17. a4 Qe7 18. a5 Nd7 19. Qc3 e5 20. a6 exd4 21. Nxd4
Nde5 22. Nf5 Qg5 23. Nc4 Rd3 24. Qb2 Nf3+ 25. Kh1 Nf4 26. g3 Bxf5 27. exf5 Qh5
28. h4 Nxe1 29. Ne5 Qxf5 30. g4 Rh3+ 31. Kg1 Nf3+ 0-1

[Event "Olympiad w"]
[Site "Bled SLO"]
[Date "2002.10.29"]
[Round "1.4"]
[White "Duarte Tatiana, BRA."]
[Black "Koskela Niina, FIN."]
[Result "0-1"]
[WhiteElo "2130"]
[BlackElo "2271"]
[PlyCount "53"]
[EventDate "2002.10.26"]

1. e4 e5 2. Nf3 Nc6 3. Bb5 a6 4. Ba4 Nf6 5. d4 exd4 6. O-O Be7 7. Re1 O-O 8. e5
Ne8 9. Nxd4 Nxd4 10. Qxd4 b5 11. Bb3 c5 12. Qe4 Rb8 13. c4 Bb7 14. Qe2 d6 15.
Nc3 dxe5 16. cxb5 Nc7 17. bxa6 Bxa6 18. Qxe5 Bd6 19. Qh5 Bd3 20. Bg5 Qc8 21.
Ne4 Bxe4 22. Rxe4 Qf5 23. Qh4 Ne6 24. Bxe6 fxe6 25. b3 Qd5 26. Rae1 Rf5 27. Bc1
0-1

[Event "Olympiad w"]
[Site "Bled SLO"]
[Date "2002.10.29"]
[Round "2.4"]
[White "Puuska Heini, FIN."]
[Black "Chaves Joara, BRA."]
[Result "1-0"]
[WhiteElo "2077"]
[BlackElo "2080"]
[PlyCount "63"]
[EventDate "2002.10.26"]

1. d4 Nf6 2. Nf3 g6 3. Nc3 d5 4. Bf4 Bg7 5. e3 c6 6. Be2 O-O 7. h4 Bg4 8. Ne5
Bxe2 9. Qxe2 e6 10. O-O-O Qe7 11. g4 Nfd7 12. g5 Nxe5 13. Bxe5 Bxe5 14. dxe5 b5
15. Rdg1 a5 16. e4 d4 17. Nd1 a4 18. f4 Nd7 19. Nf2 b4 20. Ng4 Ra7 21. f5 exf5
22. exf5 Re8 23. fxg6 fxg6 24. Qc4+ Qe6 25. Qxd4 c5 26. Qf4 Qxa2 27. Rf1 a3 28.
b3 Qa1+ 29. Kd2 Qc3+ 30. Kc1 Nxe5 31. Nh6+ Kh8 32. Qf8+ 1-0

[Event "Olympiad w"]
[Site "Bled SLO"]
[Date "2002.10.30"]
[Round "1.5"]
[White "Koskela Niina, FIN."]
[Black "Arribas Robain Maritza, CUB."]
[Result "1/2-1/2"]
[WhiteElo "2271"]
[BlackElo "2348"]
[PlyCount "96"]
[EventDate "2002.10.26"]

1. e4 e5 2. Bc4 d6 3. Nf3 Nd7 4. O-O Be7 5. c3 Nb6 6. Bb3 Nf6 7. Re1 c6 8. d3
O-O 9. Nbd2 Bg4 10. h3 Bxf3 11. Qxf3 Nfd7 12. g3 Nc5 13. Bc2 Qd7 14. d4 Ne6 15.
dxe5 dxe5 16. h4 Rad8 17. Kg2 a5 18. a4 Nc5 19. Qe3 Qe6 20. Qe2 Rd7 21. Nf3
Rfd8 22. Be3 Nc8 23. Red1 Rxd1 24. Rxd1 Rxd1 25. Qxd1 Nd7 26. Ng5 Bxg5 27. Bxg5
Qd6 28. Qxd6 Nxd6 29. Bd8 b6 30. Be7 Nc8 31. Ba3 c5 32. f3 Kf8 33. Kf2 Ke7 34.
Bd3 Nd6 35. Bf1 Kd8 36. b3 Kc7 37. Ke3 Kc6 38. f4 f6 39. Bh3 Nf8 40. Bb2 b5 41.
axb5+ Nxb5 42. Bf1 Nd6 43. fxe5 fxe5 44. c4 Nf7 45. Bc3 Ne6 46. Be2 Nd4 47. Bd1
Kb6 48. Kd3 Ka6 1/2-1/2

[Event "Olympiad w"]
[Site "Bled SLO"]
[Date "2002.10.30"]
[Round "3.5"]
[White "Puuska Heini, FIN."]
[Black "Frometa Zirka, CUN."]
[Result "0-1"]
[WhiteElo "2077"]
[BlackElo "2248"]
[PlyCount "72"]
[EventDate "2002.10.26"]

1. d4 d5 2. Nc3 Bf5 3. Bg5 h6 4. Bf4 e6 5. f3 Nf6 6. Qd2 c6 7. g4 Bg6 8. h4
Nbd7 9. Nh3 Nb6 10. e3 Nfd7 11. h5 Bh7 12. e4 Bb4 13. g5 hxg5 14. Nxg5 dxe4 15.
Nxh7 Rxh7 16. fxe4 Nf6 17. Bd3 Rxh5 18. O-O-O Qxd4 19. Qe2 Rxh1 20. Rxh1 Bxc3
21. bxc3 Qxc3 22. Rh8+ Kd7 23. Rxa8 Nxa8 24. Qg2 Nb6 25. Qg5 Na4 26. Kd1 Qa1+
27. Kd2 Nc3 28. Qa5 Ncxe4+ 29. Bxe4 Qd4+ 30. Kc1 Nxe4 31. Qc7+ Ke8 32. Be5 Qe3+
33. Kb2 Qb6+ 34. Qxb6 axb6 35. Bxg7 f6 36. Bh6 Ng5 0-1

[Event "Olympiad "]
[Site "Bled SLO"]
[Date "2002.10.31"]
[Round "4.6"]
[White "Greenidge Kevin, BAR."]
[Black "Pukkila Markku, IPCA."]
[Result "0-1"]
[WhiteElo "2055"]
[BlackElo "2150"]
[PlyCount "78"]
[EventDate "2002.10.26"]

1. d4 d5 2. c4 dxc4 3. e3 e5 4. Nf3 exd4 5. Nxd4 c5 6. Nb5 a6 7. Qxd8+ Kxd8 8.
N5c3 Be6 9. a4 Nc6 10. Be2 Nf6 11. Na3 Ne5 12. O-O Kc7 13. f4 Nc6 14. f5 Bd7
15. Nxc4 Re8 16. e4 Nxe4 17. Bf4+ Kd8 18. Nd5 Nd6 19. Bxd6 Rxe2 20. Bc7+ Ke8
21. Rae1 Nd4 22. Nc3 Rxe1 23. Rxe1+ Be7 24. f6 gxf6 25. Nd6+ Kf8 26. Nxb7 Rg8
27. Rxe7 Kxe7 28. Nd5+ Ke6 29. Nf4+ Kf5 30. g3 Ne6 31. Nd6+ Ke5 32. Ne8+ Nxc7
33. Nxc7 Bc8 34. Ncd5 Rd8 35. Ne3 Be6 36. Nc2 Rd1+ 37. Kf2 Rd2+ 38. Ke3 Rxc2
39. h4 Bc4 0-1

[Event "Olympiad w"]
[Site "Bled SLO"]
[Date "2002.10.31"]
[Round "2.6"]
[White "Rantanen Tanja, FIN."]
[Black "Sommer Sonja, AUT."]
[Result "1-0"]
[WhiteElo "2166"]
[BlackElo "2081"]
[PlyCount "131"]
[EventDate "2002.10.26"]

1. e4 e5 2. Nf3 Nc6 3. Nc3 Nf6 4. d4 exd4 5. Nxd4 Bb4 6. Nxc6 bxc6 7. Bd3 d5 8.
exd5 cxd5 9. O-O O-O 10. Bg5 c6 11. Qf3 Bd6 12. h3 Rb8 13. Rab1 h6 14. Bxf6
Qxf6 15. Qxf6 gxf6 16. Ne2 Be5 17. c3 Re8 18. b3 c5 19. Rbd1 Bc7 20. Ng3 Bxg3
21. fxg3 Kg7 22. Rf4 Bd7 23. Be4 dxe4 24. Rxd7 c4 25. bxc4 Rb2 26. Rd4 Rb1+ 27.
Rf1 Rb2 28. a4 Re5 29. g4 Re2 30. Rf4 e3 31. Rde4 Re1+ 32. Kh2 Ra5 33. Kg3 Rxa4
34. Kf3 Ra3 35. Rxe3 Rc1 36. Ke4 Rcxc3 37. Rxc3 Rxc3 38. Kd5 a5 39. c5 Kf8 40.
Ra4 Ke7 41. Rxa5 Rc2 42. Ra7+ Ke8 43. Kd6 Rd2+ 44. Kc7 Rxg2 45. Ra8+ Ke7 46.
Rh8 Rf2 47. Rxh6 f5 48. gxf5 Rxf5 49. c6 Rf4 50. Kc8 Rc4 51. c7 f6 52. h4 Rg4
53. Rh5 f5 54. Rxf5 Rxh4 55. Rd5 Rg4 56. Rc5 Kd6 57. Rc1 Rb4 58. Rd1+ Ke7 59.
Re1+ Kf7 60. Re5 Kf6 61. Re1 Kf7 62. Re5 Kf6 63. Ra5 Ke7 64. Rd5 Ke6 65. Kd8
Rc4 66. Rd1 1-0

[Event "Olympiad w"]
[Site "Bled SLO"]
[Date "2002.11.01"]
[Round "1.7"]
[White "Koskela Niina, FIN."]
[Black "Ostry Irina, KGZ."]
[Result "1-0"]
[WhiteElo "2271"]
[BlackElo "2232"]
[PlyCount "157"]
[EventDate "2002.10.26"]

1. e4 c5 2. Nf3 e6 3. d3 Nc6 4. g3 d5 5. Nbd2 Bd6 6. Bg2 Nge7 7. O-O Qc7 8. Re1
O-O 9. c3 b6 10. Qe2 f6 11. a3 Kh8 12. d4 cxd4 13. Nxd4 Nxd4 14. cxd4 Bb7 15.
b4 e5 16. Bb2 exd4 17. Bxd4 Nc6 18. Bb2 Rae8 19. Qh5 d4 20. f4 Be7 21. Rac1 g6
22. Qg4 b5 23. Bxd4 Rd8 24. Bc3 Qb6+ 25. Kh1 Rd3 26. Bf1 Re3 27. Rxe3 Qxe3 28.
Qe2 Qxe2 29. Bxe2 a6 30. Nb3 Nd8 31. Bf3 Ne6 32. Kg2 Kg8 33. Kf2 Kf7 34. Nd4
Nxd4 35. Bxd4 Rd8 36. Ke3 Rc8 37. Rxc8 Bxc8 38. Bc5 Bd8 39. Kd4 Bb7 40. Bd1 h5
41. Bb3+ Ke8 42. Bd5 Bc8 43. e5 fxe5+ 44. fxe5 h4 45. e6 Bf6+ 46. Ke4 hxg3 47.
hxg3 Kd8 48. g4 Bb2 49. Bd4 Bxa3 50. Bf6+ Kc7 51. e7 Bd7 52. Bf7 Bc6+ 53. Kd3
Bxb4 54. e8=Q Bxe8 55. Bxe8 Bf8 56. Kc2 Kd6 57. Bxg6 Ke6 58. Bd4 Be7 59. Be8
Kd5 60. Kd3 Bg5 61. Bf7+ Kd6 62. Bg7 a5 63. Be8 b4 64. Kc4 Ke7 65. Bg6 Bd2 66.
Kb5 b3 67. Ka4 Kd6 68. Bf7 b2 69. Bxb2 Ke7 70. Bc4 Kd6 71. Bf6 Be1 72. g5 Bh4
73. Kxa5 Kc5 74. Bf7 Be1+ 75. Ka4 Bh4 76. Kb3 Kd6 77. Kc4 Kc6 78. Kd3 Kd6 79.
Ke4 1-0

[Event "Olympiad w"]
[Site "Bled SLO"]
[Date "2002.11.02"]
[Round "1.8"]
[White "Koskela Niina, FIN."]
[Black "Yildiz Betul Cemre, TUR."]
[Result "1-0"]
[WhiteElo "2271"]
[BlackElo "2117"]
[PlyCount "79"]
[EventDate "2002.10.26"]

1. e4 d5 2. exd5 Qxd5 3. Nc3 Qa5 4. g3 Nf6 5. Bg2 c6 6. Nf3 Bg4 7. h3 Bxf3 8.
Qxf3 e6 9. O-O Nbd7 10. a3 Qc7 11. b4 a6 12. d3 Bd6 13. Bd2 O-O 14. Qe2 Nb6 15.
f4 c5 16. b5 Nbd5 17. bxa6 Rxa6 18. Nb5 Qd7 19. c4 Ne7 20. Bc3 Nf5 21. Qf3 Be7
22. Qxb7 Qxb7 23. Bxb7 Rb6 24. Bf3 Nxg3 25. Rf2 Nf5 26. a4 Nd6 27. Rb2 Nd7 28.
Nc7 Rxb2 29. Bxb2 Rb8 30. Nb5 f6 31. Bc3 Nb6 32. Kf2 Kf7 33. Ra2 Rc8 34. a5 Na8
35. Rb2 Nc7 36. Na7 Rd8 37. Nc6 Rc8 38. Nb8 Ndb5 39. cxb5 Rxb8 40. a6 1-0

[Event "Olympiad w"]
[Site "Bled SLO"]
[Date "2002.11.02"]
[Round "2.8"]
[White "Bayrak Asli, TUR."]
[Black "Rantanen Tanja, FIN."]
[Result "0-1"]
[WhiteElo "1869"]
[BlackElo "2166"]
[PlyCount "126"]
[EventDate "2002.10.26"]

1. e4 e5 2. Bc4 Nf6 3. d3 Be7 4. Nf3 Nc6 5. Bb3 d6 6. c3 O-O 7. Nbd2 Bg4 8. h3
Bh5 9. Nf1 Bg6 10. Ng3 d5 11. exd5 Nxd5 12. O-O Nb6 13. Re1 Qxd3 14. Qxd3 Bxd3
15. Nxe5 Nxe5 16. Rxe5 Bd6 17. Re3 Bg6 18. Ne4 Be7 19. Bd2 Rad8 20. Rae1 Kh8
21. R3e2 Nd5 22. Ng3 Bc5 23. Re5 c6 24. c4 f6 25. R5e2 Nb4 26. Be3 Bxe3 27.
Rxe3 Nd3 28. Rd1 Nxb2 29. Rxd8 Rxd8 30. Re7 Rb8 31. Ne4 Bxe4 32. Rxe4 Nd3 33.
Bd1 Kg8 34. Re7 Kf8 35. Rc7 Nc5 36. Bc2 Ne6 37. Rd7 Ke8 38. Rd3 g6 39. h4 Rd8
40. Re3 Kf7 41. h5 Rd2 42. hxg6+ hxg6 43. Bxg6+ Kxg6 44. Rxe6 Rxa2 45. Re8 Ra1+
46. Kh2 Rc1 47. Rg8+ Kf5 48. Ra8 Rxc4 49. Rxa7 b5 50. Rb7 b4 51. f3 c5 52. Kg3
Rc2 53. Rb5 Ke5 54. Kh3 Rc3 55. Kg4 b3 56. f4+ Ke4 57. Rb6 f5+ 58. Kg5 Rg3+ 59.
Kf6 Kxf4 60. Rb5 Rc3 61. g3+ Kxg3 62. Kxf5 Kf3 63. Ke5 Ke3 0-1

[Event "Olympiad w"]
[Site "Bled SLO"]
[Date "2002.11.02"]
[Round "3.8"]
[White "Puuska Heini, FIN."]
[Black "Cinar Nilufer, TUR."]
[Result "1/2-1/2"]
[WhiteElo "2077"]
[BlackElo "2111"]
[PlyCount "159"]
[EventDate "2002.10.26"]

1. d4 Nf6 2. Nf3 d5 3. Bf4 c5 4. dxc5 Qa5+ 5. c3 Qxc5 6. e3 Nc6 7. Nbd2 g6 8.
Rc1 Qb6 9. b4 Bg7 10. Bd3 O-O 11. h3 Re8 12. b5 e5 13. Bh2 e4 14. bxc6 exf3 15.
Nxf3 bxc6 16. O-O Ne4 17. c4 dxc4 18. Rxc4 Nc5 19. Be2 Ba6 20. Rc1 Rad8 21. Qc2
Bxe2 22. Qxe2 Ne4 23. Qc4 c5 24. Rb1 Qe6 25. Qxe6 Rxe6 26. Rb7 Ra6 27. Rfb1
Rxa2 28. Re7 Nc3 29. Bc7 Rc8 30. Rb8 Rxb8 31. Bxb8 Bf6 32. Rxa7 Rxa7 33. Bxa7
Ne4 34. Kf1 Kf8 35. Ke2 Ke7 36. Nd2 Nc3+ 37. Kd3 Kd6 38. Kc4 Kc6 39. Bxc5 Na4
40. Bd4 Be7 41. Nf3 f6 42. Nd2 Nc5 43. Bxc5 Bxc5 44. Ne4 Be7 45. g4 Bd8 46. f4
g5 47. fxg5 fxg5 48. Kd4 Bb6+ 49. Kd3 Bd8 50. Nf2 Kd5 51. Nd1 Bf6 52. e4+ Ke5
53. Ke3 Be7 54. Kf3 Bc5 55. Ne3 Be7 56. Nc4+ Kd4 57. Ne3 Ke5 58. Nf5 Bc5 59. h4
gxh4 60. Nxh4 Be7 61. Nf5 Bg5 62. Ne3 Be7 63. Nc4+ Kd4 64. Nb6 Ke5 65. Nd5 Bg5
66. Nc3 Bd2 67. Nd1 Bg5 68. Nf2 Bd8 69. Nd3+ Kd4 70. Nb4 Bg5 71. Nc6+ Kc5 72.
Ne5 Kd4 73. Nf7 Bc1 74. g5 Bd2 75. e5 Kd5 76. Kg4 Ke6 77. Nd8+ Kxe5 78. Kh5 Kf5
79. Nf7 Ke6 80. g6 1/2-1/2

[Event "Olympiad "]
[Site "Bled SLO"]
[Date "2002.11.04"]
[Round "4.9"]
[White "Van Hoolandt Patrick, MNC."]
[Black "Pukkila Markku, IPCA."]
[Result "1/2-1/2"]
[WhiteElo "2173"]
[BlackElo "2150"]
[PlyCount "197"]
[EventDate "2002.10.26"]

1. c4 c5 2. g3 g6 3. Bg2 Bg7 4. Nc3 Nc6 5. a3 Nf6 6. Rb1 a5 7. Nh3 d6 8. d3 O-O
9. Nf4 Rb8 10. Bd2 Bd7 11. O-O e5 12. Nfd5 Nxd5 13. Nxd5 b5 14. b4 axb4 15.
axb4 cxb4 16. Nxb4 Nxb4 17. Bxb4 Qc7 18. Qc1 Rfc8 19. cxb5 Bf8 20. Qxc7 Rxc7
21. b6 Rxb6 22. Ba5 Rxb1 23. Rxb1 Rc2 24. e3 Bf5 25. e4 Bc8 26. Bf1 Be6 27. Bg2
Ba2 28. Rd1 Rc5 29. Bb4 Rb5 30. Ba3 Rb3 31. Bc1 Rb1 32. Bf3 Bb3 33. Re1 Bc2 34.
Bd2 Rxe1+ 35. Bxe1 Bxd3 36. Bb4 f5 37. exf5 gxf5 38. Bd5+ Kg7 39. f3 Kf6 40.
Kf2 Bb5 41. Ke3 Be8 42. f4 Be7 43. Bc3 Bd8 44. h3 Bh5 45. Bg8 h6 46. Bd5 Bb6+
47. Kd3 Bf2 48. fxe5+ dxe5 49. g4 fxg4 50. hxg4 Bxg4 51. Ke4 Bf5+ 52. Kf3 Bd4
53. Be1 Bd3 54. Bc6 Bc2 55. Bh4+ Ke6 56. Be1 Bc5 57. Bg3 Be7 58. Be4 Bb3 59.
Kg4 Bd1+ 60. Kh3 h5 61. Bf2 Bg5 62. Bb6 Bg4+ 63. Kg2 Bf4 64. Bd8 Kd6 65. Bh4
Kc5 66. Bf2+ Kc4 67. Bg6 Bg5 68. Kg3 Bd1 69. Kg2 Kc3 70. Be1+ Kd4 71. Bf2+ Be3
72. Bh4 e4 73. Bf6+ Kd3 74. Kg3 Bd4 75. Bg5 Bc3 76. Kf2 Bf3 77. Bf5 Bd2 78. Bf6
Bf4 79. Bg6 Bg4 80. Bh7 Be3+ 81. Kg3 Bd4 82. Bg5 Bf3 83. Bg6 Ke2 84. Be8 Bf2+
85. Kh3 e3 86. Bb5+ Ke1 87. Be7 e2 88. Bb4+ Kf1 89. Kh2 Bg1+ 90. Kg3 Bg4 91.
Bc3 Bc5 92. Bd2 Bd6+ 93. Kh4 Kf2 94. Kg5 Be7+ 95. Kf4 e1=Q 96. Bxe1+ Kxe1 97.
Kg3 Be2 98. Bxe2 Kxe2 99. Kg2 1/2-1/2

[Event "Olympiad w"]
[Site "Bled SLO"]
[Date "2002.11.04"]
[Round "1.9"]
[White "Peng Zhaoqin, NED."]
[Black "Koskela Niina, FIN."]
[Result "0-1"]
[WhiteElo "2443"]
[BlackElo "2271"]
[PlyCount "94"]
[EventDate "2002.10.26"]

1. d4 Nf6 2. Nf3 e6 3. c4 b6 4. Bf4 Bb7 5. e3 Be7 6. Nc3 Nh5 7. Bg3 O-O 8. Qc2
d6 9. Bd3 g6 10. Be4 c6 11. Nd2 Qc7 12. O-O-O Nd7 13. Kb1 a6 14. Bf3 Nxg3 15.
hxg3 Rfc8 16. g4 b5 17. Rh3 a5 18. Rdh1 Nf8 19. c5 dxc5 20. dxc5 Qe5 21. Nce4
a4 22. a3 f5 23. gxf5 exf5 24. Nd6 Bxd6 25. cxd6 Rd8 26. g4 Qxd6 27. Kc1 Bc8
28. Rh4 Qd3 29. Qxd3 Rxd3 30. Bxc6 Rb8 31. gxf5 Bxf5 32. Kd1 Rd6 33. e4 Be6 34.
Bd5 Rbd8 35. Kc2 Bxd5 36. exd5 Rxd5 37. Ne4 Kg7 38. R1h3 h5 39. Rc3 Ne6 40. Kb1
Rd1+ 41. Rc1 Rxc1+ 42. Kxc1 Rd4 43. f3 Nc5 44. Kc2 Nxe4 45. fxe4 Kf6 46. Kc3
Ke5 47. Rh2 Rxe4 0-1

[Event "Olympiad w"]
[Site "Bled SLO"]
[Date "2002.11.04"]
[Round "2.9"]
[White "Rantanen Tanja, FIN."]
[Black "Schuurman Petra, NED."]
[Result "0-1"]
[WhiteElo "2166"]
[BlackElo "2274"]
[PlyCount "76"]
[EventDate "2002.10.26"]

1. e4 c6 2. d4 d5 3. e5 Bf5 4. Nf3 e6 5. Be2 Nd7 6. O-O Bg6 7. b3 Nh6 8. Bg5 f6
9. Bxh6 gxh6 10. exf6 Qxf6 11. Re1 Bg7 12. Bd3 O-O 13. Qe2 Rae8 14. Ne5 Nxe5
15. dxe5 Qf4 16. g3 Qd4 17. Bxg6 hxg6 18. c3 Qc5 19. b4 Qb6 20. a4 a5 21. bxa5
Qc5 22. Ra2 Rf5 23. Qd3 Ref8 24. Qd4 Qxa5 25. Rb2 c5 26. Qg4 g5 27. Rxb7 Qa6
28. Rb2 c4 29. h4 gxh4 30. Qxh4 Qa7 31. Ree2 h5 32. Qd4 Ra8 33. Rb4 Bf8 34. Rb6
Qf7 35. Reb2 Rc8 36. Rb7 Rc7 37. Rxc7 Qxc7 38. f4 Bc5 0-1

[Event "Olympiad w"]
[Site "Bled SLO"]
[Date "2002.11.04"]
[Round "3.9"]
[White "Hamelink Desiree, NED."]
[Black "Puuska Heini, FIN."]
[Result "1/2-1/2"]
[WhiteElo "2188"]
[BlackElo "2077"]
[PlyCount "119"]
[EventDate "2002.10.26"]

1. e4 e6 2. d4 d5 3. Nd2 dxe4 4. Nxe4 Bd7 5. Nf3 Bc6 6. Bd3 Nd7 7. O-O Ngf6 8.
Qe2 Nxe4 9. Bxe4 Bxe4 10. Qxe4 c6 11. c4 Nf6 12. Qc2 Be7 13. b3 O-O 14. Bb2 h6
15. Ne5 Nd7 16. f4 Nxe5 17. fxe5 c5 18. Rad1 cxd4 19. Bxd4 Qc7 20. Qf2 Rad8 21.
Kh1 b6 22. Qg3 Bc5 23. Bc3 Rxd1 24. Rxd1 Rd8 25. Rd3 Rd7 26. Qf3 Qd8 27. Rxd7
Qxd7 28. b4 Be7 29. a3 Qa4 30. Bd4 Bg5 31. g3 Bc1 32. Qa8+ Kh7 33. Bxb6 Qxa3
34. Qe4+ Kg8 35. Qa8+ Kh7 36. Qe4+ Kg8 37. Bc5 Bd2 38. Qa8+ Kh7 39. Qe4+ Kg8
40. Qa8+ Kh7 41. Qxa7 Qc1+ 42. Kg2 Qxc4 43. Qxf7 Bc3 44. Bd6 Bxe5 45. Bxe5 Qe4+
46. Qf3 Qxe5 47. Qd3+ Kg8 48. b5 Qb2+ 49. Kh3 e5 50. Qd5+ Kh7 51. Qd3+ Kh8 52.
Qd8+ Kh7 53. b6 Qb5 54. Qc7 e4 55. Kg4 Qg5+ 56. Kh3 Qh5+ 57. Kg2 Qe2+ 58. Kh3
Qh5+ 59. Kg2 Qe2+ 60. Kh3 1/2-1/2

[Event "Olympiad w"]
[Site "Bled SLO"]
[Date "2002.11.05"]
[Round "1.10"]
[White "Titova Boric Elena, BIH."]
[Black "Koskela Niina, FIN."]
[Result "1/2-1/2"]
[WhiteElo "2235"]
[BlackElo "2271"]
[PlyCount "128"]
[EventDate "2002.10.26"]

1. e4 e5 2. Nf3 Nc6 3. Bb5 a6 4. Ba4 Nf6 5. Qe2 b5 6. Bb3 Be7 7. c3 d6 8. O-O
O-O 9. d3 Na5 10. Bc2 c5 11. Rd1 Qc7 12. Nbd2 Re8 13. Nf1 h6 14. h3 Nc6 15. Ne3
Bf8 16. Nh4 Be6 17. Qf3 Ne7 18. Nef5 Nh7 19. Nxe7+ Bxe7 20. Nf5 Bg5 21. Bb3 a5
22. Be3 a4 23. Bd5 Rab8 24. h4 Bxe3 25. fxe3 Bxf5 26. exf5 Nf6 27. b3 Nxd5 28.
Qxd5 Qe7 29. Rf1 Rb6 30. f6 Qb7 31. Qxb7 Rxb7 32. fxg7 Kxg7 33. e4 Re6 34. Rab1
axb3 35. Rxb3 Ra7 36. Rf2 Rf6 37. Rfb2 c4 38. Rxb5 cxd3 39. Rd5 Ra4 40. Rxd3
Rxe4 41. g3 Re1+ 42. Kg2 e4 43. Rdd2 Re3 44. Re2 Rff3 45. Rxe3 Rxe3 46. c4 Rc3
47. Rd2 Rxc4 48. Kf2 Rc6 49. Ke3 f5 50. Kf4 Kg6 51. Rd5 Ra6 52. Rxf5 Rxa2 53.
h5+ Kg7 54. Kxe4 Ra3 55. g4 Ra4+ 56. Kf3 Rd4 57. Kg3 d5 58. Kf3 Rd1 59. Kf4
Rd4+ 60. Kf3 Rd1 61. Kf4 d4 62. Rd5 d3 63. Ke3 Rg1 64. Kf3 Rd1 1/2-1/2

[Event "Olympiad w"]
[Site "Bled SLO"]
[Date "2002.11.05"]
[Round "2.10"]
[White "Rantanen Tanja, FIN."]
[Black "Dimovski Aleksandra, BIH."]
[Result "1/2-1/2"]
[WhiteElo "2166"]
[BlackElo "2100"]
[PlyCount "31"]
[EventDate "2002.10.26"]

1. e4 e5 2. Nf3 Nc6 3. Nc3 Nf6 4. d4 exd4 5. Nxd4 Bb4 6. Nxc6 bxc6 7. Bd3 d5 8.
exd5 Qe7+ 9. Qe2 Qxe2+ 10. Bxe2 Nxd5 11. Bd2 Nxc3 12. Bxc3 Bxc3+ 13. bxc3 Be6
14. O-O Ke7 15. a3 Rab8 16. Rfe1 1/2-1/2